01432cam a22003615a 4500001001200000003000400012005001700016008004100033020001500074020001800089040003300107041001300140082002000153100003800173240002500211245022800236250005000464260005200514300002600566490002500592504005100617546004600668650003700714650002300751651001000774653002300784655002400807700004900831700003900880942000800919999001700927952012600944ocm24168145OSt20171115155557.0910802s1989 nju frb 001 0 eng d a0691018545 a9780691018546 aDZMcDZMdIUPdEG-ScBUEbeng1 aenghger04222a355.02bCLA1 aClausewitz, Carl von,d1780-1831.10aVom Kriege.lEnglish10aOn war /cCarl von Clausewitz ; edited and translated by Michael Howard and Peter Paret ; introductory essays by Peter Paret, Michael Howard, and Bernard Brodie ; with a commentary by Bernard Brodie ; index by Rosalie West. a1st Princeton Paperback printing; Indexed ed. aPrinceton :bPrinceton University Press,c1989. axii, 732 p. ;c24 cm.0 aPrinceton paperbacks aIncludes bibliographical references and index. aText in English ; translated from German. 7aMilitary art and science.2BUEsh 7aWar.2BUEsh910636 2BUEsh bGGENcNovember2017 vReading book9342321 aHoward, Michael,d1922-eeditoretranslater.1 aParet, Peter.eeditoretranslater. 2ddc c25595d25567 00102ddc40708BaccahaMAINbMAINc1STd2017-11-15ePurchaseg690.00l0o355.02 CLAp000042502r2025-07-15 00:00:00yBB